LDR 00612naa#a2200169#i#450# 001 EN\\bibl\120734 005 20260419061508.7 011 ## _a2687-0185 100 ## _a20260416b2026####ek#y0engy0150####ca 102 ## _aRU 200 1# _aSOCIO-LEGAL CHARACTERISTICS OF THE VICTIM OF A CRIME MOTIVATED BY NATIONAL ENMITY OR HATRED _eJournal article 210 1# _aMoscow _cMoscow University of the Ministry of Internal Affairs of Russia named after V.Ya. Kikot _d2026 215 ## _a5 с. 608 ## _aJournal article _2local 700 #1 _aKirillov _gStanislav Ivanovich 700 #1 _aAbdyushev _gLenar Shamilevich 856 4# _amosumvd.editorum.ru _u